| 000 | 00000nes 2200000za 4500 |
| 001 | 9.500294 |
| 003 | CaOODSP |
| 005 | 20251023164548 |
| 006 | s|| m f0 | |
| 006 | m go c f |
| 007 | cr ||||||||||| |
| 008 | 150406c20089999onc||||||||||fo | ||fre|d |
| 022 | |a1915-8858 |
| 040 | |aCaOODSP|bfre |
| 041 | |aeng |
| 041 | |afre |
| 043 | |an-cn--- |
| 086 | 1 |aM116-2-PDF |
| 245 | 00|aCanadian topographic maps |h[ressource électronique] = |bCartes topographiques du Canada. |
| 260 | |aOttawa : |bRessources naturelles Canada. |
| 310 | |aIrrégulier |
| 546 | |aTexte en français et en anglais. |
| 691 | 07|aCarte topographique|2gcpds |
| 710 | 1 |aCanada.|bRessources naturelles Canada. |bCentre d'information topographique. |
| 776 | 0#|tCanadian topographic maps |w(CaOODSP)9.511450 |
| 791 | |tCanadian topographic maps |eeng|w(CaOODSP)9.500293 |